000 02079nam a22002417a 4500
003 Uzh_bibl
008 260525b |||||||| |||| 00| 0 ukr d
020 _a978-1-4052-5591-2
_c100.00
040 _bукр.
041 _2eng
_aeng
080 _a821(410)
090 _a821(410)
_bМ 83
100 _a Morpurgo, Michael
245 _aLong Way Home
_hText
260 _aLondon
_b Egmont UK Limited
_c2010
300 _a150 s.
520 _aSince the beginning of time, strange and mysterious things have happened here...At the furthest edge of Britain, where the sea gently washes over the land and myths brush against reality, lies Zennor. Set in a churchtown where men become beats and ghosts roam freely, these are haunting and unforgettable tales where magic lies around every corner.Зворушлива історія про сироту-хлопчика, який шукає родину, від автора «Військового коня» та колишнього лауреата дитячої премії Майкла Морпурго. Ще одне літо. Ще одна прийомна сім'я. Джордж уже вирішив втекти назад до дитячого будинку. Жодна з попередніх сімей не хотіла його. Чому Дайєрс мають бути іншими? Але Джордж починає почуватися спокійно з Томом Дайєром і його сестрою Сторм, навіть щасливий, і змінює свою думку. Він навіть міг почуватися вдома з ними — чи не так? «Довгий шлях додому» — це продумана історія про сиріт, сім'ю, кохання та пошук місця, яке можна назвати домом.
521 _aДля підлітків
525 _aДля старшого шкільного віку
546 _aукр.
650 _aЛітературно-художне видання
942 _2udc
_cBK
999 _c17981
_d17981